00435nam a22001457a 4500008004100000020001500041040005500056080002400111100001900135245005200154260003400206300001000240650002100250700001800271230324b |||||||| |||| 00| 0 eng d a0078811422 aNational Science LibrarycNational Science Library aD 680.3.06 LOTUbM5 aFlast, Robert  a1-2-3 Run: b41 Ready to use lotus 1-2-3 models aCalifornia: bOsborne, c1985 a294p. aComputer science aFlast, Lauren